| 000 | 00585nam a2200193Ia 4500 | ||
|---|---|---|---|
| 999 |
_c3389 _d3389 |
||
| 003 | GBCCL | ||
| 005 | 20241126110454.0 | ||
| 008 | 171127b xxu||||| |||| 00| 0 eng d | ||
| 020 | _a0-8054-9436-7 | ||
| 040 | _cgbc | ||
| 082 |
_a268.01 _bTAY |
||
| 100 |
_aTaylor, Bill L. _96913 |
||
| 245 |
_a21 Truths, Traditions, and Trends: _bPropelling the Sunday School into the 21st century / _cBill L. Taylor |
||
| 260 |
_bConvention Press, _aNashville: _c1996 |
||
| 300 |
_a191p.; _c23 cm. |
||
| 650 |
_aReligious Education _vPhilosophy _96914 |
||
| 650 |
_aTeaching _96016 |
||
| 942 |
_2ddc _cBK _01 |
||